000 01186 a2200241 4500
003 Nust
005 20170207153359.0
010 _a 98050398
020 _a8178082446
035 _a(DLC) 98050398
040 _cNust
082 0 0 _a621.3822
100 1 _aOppenheim, Alan V.,
245 1 0 _aDiscrete-time signal processing /
_cAlan V. Oppenheim, Ronald W. Schafer, with John R. Buck.
250 _a2nd ed.
260 _aUpper Saddle River, N.J. :
_bPrentice Hall,
_cc1999.
300 _axxvi, 870 p. :
_bill. ;
_c25 cm.
505 _aDiscrete-Time Signal And System (Page - 8) The Z-Transform (Page - 94,Sampling of Continuous Time Singles (Page-140) Transform Analysis Of Linear Time-Invariant Systems (Page- 202).Structures For Discrete Time Systems ( Page- 290), Filter Design Techniques ( Page- 439), The Discrete Fourier Transform ( Page -541) , Computation Of The Discrete Fourier Transform ( Page-629) Fourier Analysis of Signals Using the Discrete Fourier Transform (Page-693) Discrete Hilbert Transform (Page-775)
538 _aAlmirah No.37 and Shelf No.6
650 0 _aTelecommunication Engineering.
700 1 _aBuck, John R.
700 1 _aSchafer, Ronald W.,
_d1938-
942 _2ddc
_cBK
999 _c184896
_d184896